Les 50 mots les plus utilisés au TOEIC #2 - Statistiques

Statistiques générales
  • Ce quiz a été pris 133 fois
  • Le résultat moyen est 27 sur 50
Statistiques - réponses
Hint Réponse % Correct
bycicle vélo; bicyclette
96%
inventory inventaire; stock
93%
notify notifier; prévenir
92%
manual manuel; mode d’emploi
91%
garage garage
89%
dentist dentiste
88%
computer ordinateur
88%
receptionist réceptionniste
88%
destination destination
86%
weather météo; temps
86%
obtain obtenir
85%
coupon coupon; bon de réduction
77%
spend dépenser
77%
renovation rénovation; travaux
77%
supermarket supermarché
77%
valid valide; en cours de validité
77%
airplane avion; aéronef
76%
passport passeport
76%
suitcase valise
76%
annual annuel
74%
identification identification; pièce d’identité
73%
admission admission; entrée
72%
instructor instructeur; formateur
70%
electrical électrique; électrique
69%
coworker collègue
66%
subscription abonnement
59%
laptop ordinateur portable
58%
replacement remplacement
58%
contradict contredire
53%
cellphone téléphone portable; mobile
50%
software logiciel
47%
sidewalk trottoir
45%
dine dîner; manger
43%
merchandise marchandises; produits
41%
assignment mission; devoir
28%
reschedule reprogrammer; changer de date
27%
postpone reporter; repousser
26%
upgrade mise à niveau; amélioration
23%
upcoming à venir; prochain
20%
preview aperçu; prévisualisation
16%
convenient pratique; commode
14%
enrol s’inscrire; inscrire
12%
inference inférence; déduction
11%
depart partir; quitter
11%
explanatory explicatif
9%
bargain bonne affaire; occasion
5%
cabinet placard; armoire
5%
appliance appareil électroménager
1%
attendant agent de bord; accompagnateur
0%
sightseeing tourisme; visites touristiques
0%
Aucun quiz correspondant
Distribution des résultats
% des personnes avec chaque résultat
Percentile par nombre de réponses
Votre historique - résultats
Vous n’avez pas pris ce quiz